00342cam a2200121 i 4500020003800000041000800038082001600046100002200062245002900084260006100113300002000174650002600194 a9780802873705 (pbk. : alk. paper) aENG00a201.65bBAR1 aBarr, Stephen M.,14aThe believing scientist  aUnited States Of AmericabWm.B.Eerdmans Publishingc2016 avi, 226 pages ; 0aReligion and science.